000 00567nam a2200193Ia 4500
005 20250508164831.0
008 008 250505s9999 xx 000 0 hin d
037 _aDissertations
040 _aFEDL
_beng
_cFEDL
041 _ahin
_2eng
084 _a370.954, BOH/DI
_qFEDL
100 _aBohat Ajeet Kumar
_9779253
245 0 _aPrachin bharat me vyavsayik shiksha ke swarup ka addhyan
260 _c2008
300 _a169p.
546 _aM. Phil Dissertation (Delhi University)
942 _cDIS
_h370.954, BOH/DI
999 _c1391479
_d1391479